History Man behind the Legends: Tracing Golwalkar’s Path to Power (Record no. 530680)

000 -LEADER
fixed length control field 00533nam a22001457a 4500
008 - FIXED-LENGTH DATA ELEMENTS--GENERAL INFORMATION
fixed length control field 250704b ||||| |||| 00| 0 eng d
100 ## - MAIN ENTRY--PERSONAL NAME
Personal name Reviewed by Amol Saghar
245 ## - TITLE STATEMENT
Title History Man behind the Legends: Tracing Golwalkar’s Path to Power
260 ## - PUBLICATION, DISTRIBUTION, ETC. (IMPRINT)
Place of publication, distribution, etc The Book Review
300 ## - PHYSICAL DESCRIPTION
Extent 49(2), Feb, 2025: p.38-40
520 ## - SUMMARY, ETC.
Summary, etc Jha, Dhirendra K. Golwalkar: The myth behind the man, The man behind the machine: Simon & Schuster, 2024, 385p. Rs. 899.00
906 ## - LOCAL DATA ELEMENT F, LDF (RLIN)
Subject DIP BOOK REVIEW
942 ## - ADDED ENTRY ELEMENTS (KOHA)
Item type Articles
Holdings
Withdrawn status Lost status Source of classification or shelving scheme Damaged status Not for loan Permanent location Current location Date acquired Barcode Date last seen Koha item type
          Indian Institute of Public Administration Indian Institute of Public Administration 2025-07-04 AR136472 2025-07-04 Articles

Powered by Koha